| 000 | 01188nam a22002537a 4500 | ||
|---|---|---|---|
| 005 | 20110518114244.0 | ||
| 010 | _aENG-102487 B-454726 | ||
| 020 |
_a9789380607085 _c650.00 |
||
| 035 | _aEN-86020 B-454726 | ||
| 037 | _bDBAD/PUB | ||
| 037 | _bBlue Berry/Ven | ||
| 082 | _a954.03 | ||
| 100 |
_aFarooqui, Amar _950653 |
||
| 245 |
_aSindias and the Raj : _cby Amar Farooqui _bprincely Gwalior c. 1800-1850 / |
||
| 260 |
_aDelhi _bPrimus Books _c2011 |
||
| 270 |
_aVirat Bhavan, Mukherjee Nagar Commercial Complex _bDelhi _e110009 |
||
| 300 |
_a156 p. _c25 cm (Hb) |
||
| 500 | _a Includes bibliographical references (p. [141]-147) and index. | ||
| 600 |
_aSindhia dynasty _d1726-1947 _950654 |
||
| 942 |
_2ddc _cEN _h954.03 _mFAR |
||
| 999 |
_c52467 _d52467 |
||